Music engineering : the electronics of playing and recording [electronic resource] (Record no. 51836)

MARC details
000 -LEADER
fixed length control field 00756nam a2200205 a 4500
008 - FIXED-LENGTH DATA ELEMENTS--GENERAL INFORMATION
fixed length control field 060316c19989999||||||||||||||||| || u
020 ## - INTERNATIONAL STANDARD BOOK NUMBER
International Standard Book Number 0750639032
050 ## - LIBRARY OF CONGRESS CALL NUMBER
Classification number TK 7881.4 Bri
100 ## - MAIN ENTRY--PERSONAL NAME
Personal name Brice, Richard
245 10 - TITLE STATEMENT
Title Music engineering : the electronics of playing and recording [electronic resource]
Statement of responsibility, etc. Richard Brice
Medium [cd-rom]
260 ## - PUBLICATION, DISTRIBUTION, ETC.
Place of publication, distribution, etc. Oxford
Name of publisher, distributor, etc. Newnes
Date of publication, distribution, etc. 1998
300 ## - PHYSICAL DESCRIPTION
Extent CD-ROM
350 ## - PRICE (NR) (BK AM CF MU VM SE) [OBSOLETE]
Price 0.00
500 ## - GENERAL NOTE
General note Accompanies a text
650 ## - SUBJECT ADDED ENTRY--TOPICAL TERM
Topical term or geographic name entry element SOUND - RECORDING AND REPRODUCING
650 ## - SUBJECT ADDED ENTRY--TOPICAL TERM
Topical term or geographic name entry element MUSIC - ACOUSTICS AND PHYSICS
650 ## - SUBJECT ADDED ENTRY--TOPICAL TERM
Topical term or geographic name entry element ELECTRONIC MUSIC
650 ## - SUBJECT ADDED ENTRY--TOPICAL TERM
Topical term or geographic name entry element ELECTRO--ACOUSTICS
995 ## - RECOMMENDATION 995 [LOCAL, UNIMARC FRANCE]
-- 0.00
-- CBU-MAIN LIBRARY (Kitwe)
-- 1
-- 15.00
-- 1
-- LOST
-- Mar 7, 2013
-- e-Media Collection
Holdings
Withdrawn status Lost status Source of classification or shelving scheme Damaged status Not for loan Home library Current library Shelving location Date acquired Total Checkouts Full call number Barcode Date last seen Price effective from Koha item type
          CBU-MAIN LIBRARY, KITWE. CBU-MAIN LIBRARY, KITWE.   11/30/2022   TK 7881.4 Bri 029151 11/30/2022 11/30/2022 MONOGRAPH